| 000 | 00678nam a2200217Ia 4500 | ||
|---|---|---|---|
| 001 | 9425 | ||
| 003 | GE_BSU | ||
| 008 | 181216s||||||||xx |||||||||||||| ||und|| | ||
| 040 | _cGE_BSU | ||
| 080 | _a821.353.1–31+821.353.1-32 | ||
| 100 | _aმაისურაძე,ელიზბარ | ||
| 245 | _aნაძალადევი | ||
| 245 | _bრომანი,მოთხრობა | ||
| 245 | _cრედ.ლ.არაბიძე,მხატვ.მ.თავაძე | ||
| 260 | _aთბილისი | ||
| 260 | _bმერანი | ||
| 260 | _c1983 | ||
| 300 | _a354გვ.ილ.20სმ. | ||
| 653 | _aნაძალადევი | ||
| 942 | _cBK | ||
| 999 |
_c42719 _d42719 |
||